Dopasuj zwierzęta do krajów, w których występują część 1 - Statystyki

Ogólne statystyki
  • Ten quiz został rozwiązany 179 razy
  • Średni wynik to 14 z 27
Statystyki odpowiedzi
Zwierzę Kraj występowania % Poprawnych
Bizon amerykański Stany Zjednoczone / Kanada
82%
Koala Australia
80%
Łoś Kanada / Stany Zjednoczone / Rosja / Norwegia / Szwecja / Finlandia / Polska / Litwa / Estonia / Łotwa / Białoruś / Ukraina
79%
Aksolotl meksykański Meksyk
77%
Renifer tundrowy Rosja / Kanada / Stany Zjednoczone / Norwegia / Dania / Finlandia
76%
Fenek pustynny Maroko / Algieria / Tunezja / Libia / Egipt / Mauretania / Mali / Niger / Czad / Sudan
75%
Foka szara Wielka Brytania / Irlandia / Islandia / Stany Zjednoczone / Kanada / Norwegia / Polska / Dania / Holandia / Belgia / Niemcy / Estonia / Litwa / Łotwa / Rosja / Szwecja / Finlandia
75%
Szop pracz Stany Zjednoczone / Kanada / Meksyk / Gwatemala / Belize / Honduras / Salwador / Nikaragua / Kostaryka / Panama
74%
Koziorożec alpejski Niemcy / Francja / Szwajcaria / Austria / Włochy / Słowenia
71%
Pingwin przylądkowy Republika Południowej Afryki / Namibia
65%
Leiurus quinquestriatus (Skorpion) Algieria / Czad / Egipt / Etiopia / Libia / Mali / Niger / Somalia / Sudan / Tunezja / Izrael / Jordan / Jemen / Syria / Liban / Oman / Zjednoczone Emiraty Arabskie / Katar
59%
Żuraw mandżurski Japonia / Rosja / Korea północna / Chiny / Mongolia
57%
Krokodyl różańcowy Indie / Sri Lanka / Bangladesz / Mjanma / Laos / Wietnam / Kambodża / Filipiny / Malezja / Tajlandia / Singapur / Timor Wschodni / Papua-Nowa Gwinea / Australia / Wyspy Salomona / Vanuatu / Brunei / Indonezja
52%
Goryl nizinny Angola / Kamerun / Republika Środkowoafrykańska / Gwinea Równikowa / Gabon / Demokratyczna Republika Konga
50%
Kazuar hełmiasty Australia / Papua-Nowa Gwinea / Indonezja
50%
Pancernik dziewięciopaskowy Stany Zjednoczone / Meksyk / Argentyna / Urugwaj / Gwatemala / Nikaragua / Kostaryka / Panama / Kolumbia / Wenezuela / Ekwador / Gujana / Surinam / Peru / Brazylia / Boliwia / Paragwaj
49%
Wyderka orientalna Indie / Bangladesz / Chiny / Laos / Tajlandia / Wietnam / Kambodża / Malezja / Indonezja / Filipiny / Nepal / Bhutan / Mjanma / Brunei
47%
Poświętnik czczony (żuk gnojarz) Maroko / Algieria / Tunezja / Libia / Egipt / Arabia Saudyjska / Izrael / Liban / Syria / Włochy / Francja
46%
Żyrafa siatkowana Somalia / Etiopia / Kenia
44%
Phoebis sennae (motyl) Stany Zjednoczone / Meksyk / Gwatemala / Belize / Honduras / Nikaragua / Kostaryka / Panama / Kuba / Jamajka / Haiti / Dominikana / Kolumbia / Wenezuela / Ekwador / Peru / Boliwia / Brazylia / Paragwaj / Urugwaj / Chile / Argentyna
37%
Mandryl Kamerun / Gabon / Gwinea Równikowa / Kongo
35%
Ptasznik czerwonokolanowy Meksyk
29%
Chrząszcz goliat Kamerun / Republika Środkowoafrykańska / Kongo / Gabon / Kenia / Nigeria / Tanzania / Uganda
25%
Tilikwa scynkowa Australia
24%
Nibykobra siatkowana Australia / Papua-Nowa Gwinea
21%
Hipopotam karłowaty Sierra Leone / Liberia / Gwinea / Wybrzeże Kości Słoniowej
20%
Legwan szlachetny Saint Kitts i Nevis / Dominika / Antigua i Barbuda
8%
Nie znaleziono quizów pasujących do podanych kryteriów
Rozkład punktacji
Procent ludzi z każdym wynikiem
Percentyl według liczby udzielonych odpowiedzi
Twoja historia wyników
Nie rozwiązałeś tego quizu